Khushhal Awr Iqbal (Record no. 980)

MARC details
000 -LEADER
fixed length control field 00632nam a2200253 a 4500
020 ## - INTERNATIONAL STANDARD BOOK NUMBER
ISBN
082 00 - DEWEY DECIMAL CLASSIFICATION NUMBER
Classification number 891.4391
Author Cutter KHA5
100 ## - MAIN ENTRY--AUTHOR NAME
Author name Khan, Mir Abdus Samad
245 ## - TITLE STATEMENT
Title Khushhal Awr Iqbal
260 ## - PUBLICATION, DISTRIBUTION, ETC. (IMPRINT)
Place of publication Peshawar
Name of publisher Manzoor-E-Aam Kutub Khana
Year of publication 1960
300 ## - PHYSICAL DESCRIPTION
Number of Pages 376p
500 ## - GENERAL NOTE
General note includes index and biblioraphy
505 2# - FORMATTED CONTENTS NOTE
Formatted contents note bibliography
650 ## - SUBJECT ADDED ENTRY--TOPICAL TERM
Topical Term Biography-Urdu Poets
650 ## - SUBJECT ADDED ENTRY--TOPICAL TERM
Topical Term Poetry-Criticism
942 ## - ADDED ENTRY ELEMENTS (KOHA)
Koha item type Books
700 1# -
-- Khan, Mir Abdus Samad
Holdings
Collection code Home library Current library Date acquired Cost, normal purchase price Full call number Accession Number Koha item type
  Henry Martyn Institute Library Henry Martyn Institute Library 06/25/2007 8.50 891.4391 KHA5 02192 Books
                   Copyright © 2026 | Henry Martyn Institute | Hyderabad | TS-500052 | INDIA | Implemented by hmi.edu.in
Hit-Count:

Powered by Koha